[Event "Athens Open"]
[Site "Athens GRE"]
[Date "1989.??.??"]
[Round "?"]
[White "Georgiev, Biser"]
[Black "Pandavos, Panayotis"]
[Result "1/2-1/2"]
[WhiteElo "2335"]
[BlackElo "2300"]
[PlyCount "120"]
[EventDate "1989.??.??"]
[Source "www.chesslib.no"]
[SourceDate "2004.05.04"]

1. e4 c5 2. Nf3 d6 3. d4 cxd4 4. Nxd4 Nf6 5. Nc3 e5 6. Bb5+ Nbd7 7. Nf5 a6 8. Bxd7+ Qxd7 9. Ne3 Qc6 10. Qd3 b5 11. O-O Be7 12. a4 O-O 13. Ned5 Nxd5 14. Nxd5 Bd8 15. axb5 axb5 16. Rxa8 Qxa8 17. Qxb5 f5 18. Rd1 fxe4 19. Qc4 Be6 20. Be3 Qc8 21. Qxc8 Bxc8 22. c4 Be6 23. b4 Bxd5 24. Rxd5 Bc7 25. b5 Ra8 26. Rd1 Ra4 27. b6 Bxb6 28. Bxb6 Rxc4 29. Be3 Rc6 30. Kf1 Kf7 31. Rb1 d5 32. Rb7+ Kf6 33. Rb6 Rxb6 34. Bxb6 d4 35. Ke2 Ke6 36. Bc5 Kf5 37. Bf8 g6 38. Bg7 Kf4 39. Bh6+ Kf5 40. h3 g5 41. Bg7 h5 42. Kd2 Kf4 43. Ke2 Kf5 44. Bh8 Kf4 45. Bg7 Kf5 46. g3 g4 47. h4 Ke6 48. Kd2 Kd6 49. Kc2 Kd5 50. Bh6 Kc4 51. Bd2 Kd5 52. Ba5 Kc4 53. Be1 Kd5 54. Ba5 Kc4 55. Bc7 Kd5 56. Bb8 Ke6 57. Kc1 Kd5 58. Kd2 Ke6 59. Kc2 Kd5 60. Bc7 Ke6 1/2-1/2

[Event "BL 9899 (Women)"]
[Site "Germany"]
[Date "1999.02.28"]
[Round "9.1"]
[White "Ioseliani, Nana"]
[Black "Mai, Iris"]
[Result "1/2-1/2"]
[WhiteElo "2493"]
[BlackElo "2140"]
[PlyCount "89"]
[EventDate "1998.10.??"]
[Source "ChessBase"]
[SourceDate "1999.07.01"]

1. e4 c5 2. Nf3 d6 3. d4 cxd4 4. Nxd4 Nf6 5. Nc3 e5 6. Bb5+ Bd7 7. Bxd7+ Qxd7 8. Nf5 Nxe4 9. Nxe4 Qxf5 10. Nxd6+ Bxd6 11. Qxd6 Nc6 12. Be3 Rd8 13. Qc5 Qe6 14. O-O b6 15. Qa3 Qd6 16. Qa4 O-O 17. c3 Qg6 18. Rad1 h6 19. f3 Qe6 20. Rfe1 Rxd1 21. Rxd1 Na5 22. b3 Rc8 23. c4 Nc6 24. c5 Nd4 25. Qxa7 bxc5 26. Qb7 f5 27. Bf2 Rd8 28. Re1 Kh7 29. Bg3 Rd5 30. Qc7 Nc6 31. a4 Qf6 32. h3 f4 33. Bf2 Nd4 34. Qb7 Qd6 35. Kh2 Nc2 36. Rc1 Ne3 37. a5 e4 38. fxe4 Rd2 39. e5 Qxe5 40. Qf3 Ra2 41. Re1 Rxa5 42. g3 Qf6 43. Qxf4 Qxf4 44. gxf4 Nd5 45. Re4 1/2-1/2

[Event "Balatonlelle op"]
[Site "?"]
[Date "2003.06.26"]
[Round "6"]
[White "Estrada Nieto Julian"]
[Black "Dekic Josip"]
[Result "1/2-1/2"]
[WhiteElo "2332"]
[BlackElo "2299"]
[PlyCount "27"]
[EventDate "2003.??.??"]
[Source "www.chesslib.no"]
[SourceDate "2004.05.04"]

1. e4 c5 2. Nf3 d6 3. d4 cxd4 4. Nxd4 Nf6 5. Nc3 e5 6. Bb5+ Nbd7 7. Nf5 a6 8. Bxd7+ Qxd7 9. Bg5 Nxe4 10. Nxg7+ Bxg7 11. Nxe4 O-O 12. Qxd6 f6 13. Qxd7 Bxd7 14. Be3 1/2-1/2

[Event "Pula Open"]
[Site "Pula CRO"]
[Date "1990.??.??"]
[Round "4"]
[White "Panbukchian, Valentin"]
[Black "Kovacevic, Veljko"]
[Result "1-0"]
[WhiteElo "2325"]
[BlackElo "2305"]
[PlyCount "57"]
[EventDate "1990.??.??"]
[Source "www.chesslib.no"]
[SourceDate "2004.05.04"]

1. e4 c5 2. Nf3 d6 3. d4 cxd4 4. Nxd4 Nf6 5. Nc3 e5 6. Bb5+ Bd7 7. Bxd7+ Qxd7 8. Nf5 Nxe4 9. Nxg7+ Bxg7 10. Nxe4 d5 11. Bh6 O-O 12. Bxg7 Kxg7 13. Ng3 f5 14. f4 exf4 15. Qd4+ Kg8 16. Qxf4 Qe6+ 17. Kd2 Qf6 18. Rhf1 Nc6 19. Nxf5 Kh8 20. Qh6 Qxb2 21. Rab1 Qf6 22. Qxf6+ Rxf6 23. Rxb7 Rg8 24. g3 Na5 25. Re7 Nc6 26. Ree1 Rgf8 27. g4 Nd4 28. Re5 Rc6 29. Nxd4 1-0

[Event "SVK Team Ch"]
[Site "Slovakia"]
[Date "1995.??.??"]
[Round "?"]
[White "Oral, Tomas"]
[Black "Briestensky, Rastislav"]
[Result "1-0"]
[WhiteElo "2405"]
[BlackElo "2215"]
[PlyCount "111"]
[EventDate "1995.??.??"]
[Source "www.chesslib.no"]
[SourceDate "2004.05.04"]

1. e4 c5 2. Nf3 d6 3. d4 cxd4 4. Nxd4 Nf6 5. Nc3 e5 6. Bb5+ Nbd7 7. Nf5 a6 8. Bxd7+ Qxd7 9. Bg5 Qc6 10. Bxf6 Bxf5 11. exf5 gxf6 12. Nd5 Be7 13. Qd2 Rg8 14. f3 Rc8 15. O-O-O Bd8 16. Kb1 h5 17. Rhg1 Qc5 18. h4 Rc6 19. g4 hxg4 20. fxg4 Kd7 21. h5 Kc8 22. b3 Kb8 23. Rg3 Rh8 24. Rc3 Qa5 25. Rxc6 Qxd2 26. Rc8+ Kxc8 27. Rxd2 Kd7 28. c4 Ke8 29. Kc2 Kf8 30. Nc3 Ke7 31. Nd5+ Kf8 32. Nc3 Ke7 33. Kd3 Kd7 34. Nd5 Kc6 35. Ke4 Kc5 36. Rh2 Rh6 37. Rh3 Ba5 38. Rd3 Rh8 39. Nxf6 Bd8 40. Nd5 Rg8 41. Rg3 Bg5 42. f6 a5 43. Ne7 Rh8 44. Kf5 Bf4 45. Rh3 Bc1 46. Rh1 Bd2 47. g5 e4 48. g6 fxg6+ 49. Nxg6 Rh7 50. Nf8 Rf7 51. Ne6+ Kb4 52. Kg6 Rd7 53. h6 Bxh6 54. Kxh6 Ka3 55. Rh2 b5 56. Kg6 1-0

[Event "WYCC 2008 U16 boys"]
[Site "Vung Tau City VIE"]
[Date "2008.10.24"]
[Round "6.9"]
[White "Kanarek, Marcel"]
[Black "Vlasak, Lukas"]
[Result "1-0"]
[WhiteElo "2458"]
[BlackElo "2161"]
[PlyCount "79"]
[EventDate "2008.10.20"]
[Source "www.chesslib.no"]
[SourceDate "2004.05.04"]

1. e4 c5 2. Nf3 d6 3. d4 cxd4 4. Nxd4 Nf6 5. Nc3 e5 6. Bb5+ Nbd7 7. Nf5 a6 8. Bxd7+ Qxd7 9. Bg5 Nxe4 10. Nxg7+ Bxg7 11. Nxe4 O-O 12. Qxd6 f6 13. Be3 Qg4 14. Ng3 Qc4 15. Qc5 Qxc5 16. Bxc5 Rd8 17. Be7 Re8 18. Ba3 f5 19. O-O-O Be6 20. b3 Rad8 21. Bb2 Kf7 22. Nh5 Bh6+ 23. Kb1 Bd5 24. f3 Kg6 25. Ng3 b5 26. Rhe1 Bg7 27. Rd2 f4 28. Red1 fxg3 29. hxg3 e4 30. fxe4 Rxe4 31. Bxg7 Kxg7 32. Rxd5 Rde8 33. Rd7+ Kg8 34. Rd8 Rxd8 35. Rxd8+ Kf7 36. Rd7+ Ke6 37. Rxh7 Rg4 38. Rh6+ Kd5 39. Rxa6 Rxg3 40. a4 1-0

[Event "GEO-ch 60th 1 Liga"]
[Site "?"]
[Date "2000.04.??"]
[Round "2"]
[White "Shamugia Shavlegi"]
[Black "Kashashvili Alexandre"]
[Result "1/2-1/2"]
[WhiteElo "2196"]
[BlackElo "2417"]
[PlyCount "71"]
[EventDate "2000.??.??"]
[Source "www.chesslib.no"]
[SourceDate "2004.05.04"]

1. e4 c5 2. Nf3 d6 3. d4 cxd4 4. Nxd4 Nf6 5. Nc3 e5 6. Bb5+ Nbd7 7. Nf5 a6 8. Bxd7+ Qxd7 9. Ne3 Qc6 10. f3 Be6 11. O-O Be7 12. Ncd5 Bxd5 13. exd5 Qb6 14. Kh1 g6 15. f4 exf4 16. Rxf4 O-O 17. Qf3 Nd7 18. Ng4 Ne5 19. Nh6+ Kh8 20. Qg3 f5 21. h4 Rac8 22. h5 Rxc2 23. hxg6 hxg6 24. Be3 Qd8 25. Raf1 Bf6 26. Qh3 Kg7 27. Rxf5 Rc4 28. g3 Re4 29. Bc1 Qc8 30. Qg2 Rc4 31. Bg5 Bxg5 32. Rxf8 Qxf8 33. Rxf8 Kxf8 34. Qf1+ Kg7 35. Nf5+ gxf5 36. Qxf5 1/2-1/2

[Event "ISR Ch"]
[Site "Tel Aviv ISR"]
[Date "1994.??.??"]
[Round "9"]
[White "Rotman, Daniel"]
[Black "Uritzky, Maxim"]
[Result "0-1"]
[WhiteElo "2240"]
[BlackElo "2365"]
[PlyCount "144"]
[EventDate "1994.10.??"]
[Source "www.chesslib.no"]
[SourceDate "2004.05.04"]

1. e4 c5 2. Nf3 d6 3. d4 cxd4 4. Nxd4 Nf6 5. Nc3 e5 6. Bb5+ Nbd7 7. Nf5 a6 8. Bxd7+ Qxd7 9. Ne3 Qc6 10. Qd3 Be6 11. O-O Rc8 12. a4 Be7 13. a5 O-O 14. Ncd5 Bxd5 15. exd5 Qd7 16. b3 Nh5 17. Qf5 Qxf5 18. Nxf5 Rfe8 19. Nxe7+ Rxe7 20. c4 f5 21. f3 Nf6 22. Be3 Kf7 23. Rfd1 h6 24. Rac1 Rd7 25. Bb6 g5 26. Re1 Re8 27. Rcd1 Rc8 28. Rc1 Re7 29. Red1 h5 30. b4 Rd7 31. Re1 f4 32. Kf2 Re8 33. Ke2 Kg6 34. Kd3 Kf5 35. Re2 g4 36. Rce1 Nh7 37. h4 gxh3 38. gxh3 Rg7 39. Kd2 Nf6 40. Bf2 Rc7 41. c5 Rd7 42. c6 bxc6 43. dxc6 Rc7 44. Rc1 Rec8 45. b5 axb5 46. a6 Nd5 47. a7 Ne3 48. Rxe3 fxe3+ 49. Bxe3 Ke6 50. Bb6 Rg7 51. c7 Kd7 52. Ke3 Rg2 53. Ke4 Ra2 54. Kd5 Rd2+ 55. Ke4 Re2+ 56. Kd5 Ra2 57. h4 Rd2+ 58. Ke4 Re2+ 59. Kd5 Ra2 60. Rc3 Re8 61. Rd3 e4 62. fxe4 Ra4 63. c8=Q+ Rxc8 64. e5 dxe5 65. Kxe5+ Kc6 66. Rd6+ Kb7 67. Bd4 Re8+ 68. Kf5 Kc7 69. Be5 Rxa7 70. Rh6+ Kc8 71. Rxh5 b4 72. Kf4 Ra5 0-1

[Event "JUG Team Ch women"]
[Site "Tivat"]
[Date "1995.??.??"]
[Round "3"]
[White "Gaponenko, Inna"]
[Black "Vasilevich, Tatjana"]
[Result "1-0"]
[WhiteElo "2390"]
[BlackElo "2215"]
[PlyCount "159"]
[EventDate "1995.??.??"]
[Source "www.chesslib.no"]
[SourceDate "2004.05.04"]

1. e4 c5 2. Nf3 d6 3. d4 cxd4 4. Nxd4 Nf6 5. Nc3 e5 6. Bb5+ Nbd7 7. Nf5 a6 8. Ba4 b5 9. Bb3 Nb6 10. Bg5 h6 11. Bxf6 Qxf6 12. Nd5 Nxd5 13. Qxd5 Rb8 14. Qc6+ Bd7 15. Qxa6 Bxf5 16. exf5 Be7 17. Qc6+ Kf8 18. Qc7 Rd8 19. Qb7 Qxf5 20. Qxb5 Qe4+ 21. Kf1 g6 22. Re1 Qf5 23. Re3 d5 24. Rd3 Kg7 25. Rxd5 Qf4 26. g3 Qf3 27. Rg1 Rxd5 28. Bxd5 Qd1+ 29. Kg2 Qxc2 30. Re1 Qc7 31. Re3 Rb8 32. Qe2 Qc5 33. Qf3 Bf6 34. b3 Rd8 35. Bc4 Rd7 36. a4 Bd8 37. Rd3 Qc7 38. Rxd7 Qxd7 39. b4 Bb6 40. a5 Bd4 41. b5 Qe7 42. b6 e4 43. Qf4 g5 44. Qf5 e3 45. fxe3 Bxe3 46. Bxf7 Qxf7 47. Qe5+ Kg6 48. Qxe3 Qd5+ 49. Qf3 Qd2+ 50. Kf1 Qc1+ 51. Kf2 Qd2+ 52. Qe2 Qd4+ 53. Qe3 Qf6+ 54. Kg2 Qb2+ 55. Qf2 Qc3 56. b7 Qc6+ 57. Qf3 Qc2+ 58. Kf1 Qb1+ 59. Kf2 Qb2+ 60. Kf1 Qb1+ 61. Kf2 Qb2+ 62. Kg1 Qb1+ 63. Kg2 Qc2+ 64. Kh3 h5 65. g4 hxg4+ 66. Kxg4 Qc4+ 67. Kh3 Qe6+ 68. Kg2 Qd6 69. Qe4+ Kh6 70. a6 Qd2+ 71. Kf3 Qd1+ 72. Ke3 Qg1+ 73. Kd3 Qb1+ 74. Kd4 Qa1+ 75. Kc5 Qa5+ 76. Kd6 Qa3+ 77. Kd5 Qb2 78. Qe6+ Kh5 79. Qe8+ Kh4 80. b8=Q 1-0

[Event "Olympiades Calvia (36eme)"]
[Site "?"]
[Date "2004.10.17"]
[Round "3.25"]
[White "Nguyen Van Huy"]
[Black "Larrea Manuel"]
[Result "1-0"]
[WhiteElo "2325"]
[BlackElo "2279"]
[PlyCount "73"]
[EventDate "2004.??.??"]
[Source "www.chesslib.no"]
[SourceDate "2004.05.04"]

1. e4 c5 2. Nf3 d6 3. d4 cxd4 4. Nxd4 Nf6 5. Nc3 e5 6. Bb5+ Nbd7 7. Nf5 a6 8. Bxd7+ Qxd7 9. Bg5 Nxe4 10. Nxg7+ Bxg7 11. Nxe4 O-O 12. Qxd6 f6 13. Be3 f5 14. Qxd7 Bxd7 15. Nc5 Bc6 16. Ne6 Rf7 17. O-O-O f4 18. Bb6 Bh6 19. Nd8 f3+ 20. Be3 Bxe3+ 21. fxe3 fxg2 22. Rhg1 Rf2 23. Nxc6 bxc6 24. Rd2 Raf8 25. Rxg2+ Rxg2 26. Rxg2+ Kh8 27. Kd2 Rf1 28. Kd3 Rd1+ 29. Ke4 Ra1 30. a3 Re1 31. Kxe5 Rxe3+ 32. Kd6 h5 33. Kxc6 h4 34. c4 h3 35. Rf2 Re4 36. c5 Rg4 37. Rf3 1-0

[Event "Koeln"]
[Site "?"]
[Date "2004.03.27"]
[Round "6"]
[White "Ljuboschitz Alexander"]
[Black "Rotshtein Efim"]
[Result "1/2-1/2"]
[WhiteElo "2185"]
[BlackElo "2393"]
[PlyCount "122"]
[EventDate "2004.??.??"]
[Source "www.chesslib.no"]
[SourceDate "2004.05.04"]

1. e4 c5 2. Nf3 d6 3. d4 cxd4 4. Nxd4 Nf6 5. Nc3 e5 6. Bb5+ Nbd7 7. Nf5 a6 8. Bxd7+ Qxd7 9. Bg5 Ng8 10. O-O Qc6 11. Ng3 Be6 12. Nd5 Rc8 13. c4 Be7 14. Be3 Bd8 15. Rc1 Nf6 16. h3 Qd7 17. b3 O-O 18. Qf3 b5 19. c5 dxc5 20. Bxc5 Re8 21. Rfd1 Bxd5 22. exd5 e4 23. Qf5 g6 24. Qxd7 Nxd7 25. Bd4 Rxc1 26. Rxc1 Bf6 27. Be3 Bh4 28. Ne2 Ne5 29. Nd4 Rd8 30. Nc6 Nxc6 31. dxc6 Rc8 32. c7 Kf8 33. Bb6 Ke8 34. Rd1 Be7 35. Kf1 f5 36. Ke2 Bg5 37. Rd5 h5 38. Rd6 Be7 39. Rxg6 Kd7 40. Rg7 Kc6 41. Ba5 Bd6 42. Rf7 f4 43. Rf6 Kd7 44. Bd2 Ke7 45. Rh6 Bxc7 46. Rxh5 Bd6 47. Rh7+ Ke6 48. Ra7 Rc6 49. h4 Kf5 50. h5 Rc2 51. Kd1 Rxa2 52. h6 Ra1+ 53. Ke2 Rh1 54. Rxa6 Rxh6 55. Rb6 Re6 56. Rxb5+ Kg4 57. Rb6 Kf5 58. Bb4 Bxb4 59. Rxb4 Ra6 60. Ra4 Rb6 61. Ra5+ Ke6 1/2-1/2

[Event "TCh-GRE"]
[Site "?"]
[Date "2004.07.05"]
[Round "2"]
[White "Pandavos Panayotis"]
[Black "Nikolaou Georgios"]
[Result "1/2-1/2"]
[WhiteElo "2326"]
[BlackElo "2244"]
[PlyCount "61"]
[EventDate "2004.??.??"]
[Source "www.chesslib.no"]
[SourceDate "2004.05.04"]

1. e4 c5 2. Nf3 d6 3. d4 cxd4 4. Nxd4 Nf6 5. Nc3 e5 6. Bb5+ Nbd7 7. Nf5 a6 8. Bxd7+ Qxd7 9. Ne3 Qc6 10. Qd3 Be6 11. O-O Be7 12. Ncd5 Bxd5 13. exd5 Qc7 14. Nf5 g6 15. Nxe7 Qxe7 16. f4 Nd7 17. f5 Qf6 18. fxg6 Qxg6 19. Rf5 Rg8 20. Qf1 Ke7 21. c4 b5 22. b3 bxc4 23. bxc4 Rac8 24. Bd2 f6 25. Rc1 Nc5 26. Be1 Nd3 27. Bh4 Nf4 28. Rxf6 Qxg2+ 29. Qxg2 Nxg2 30. Re6+ Kf8 31. Rf1+ 1/2-1/2

[Event "WYCC 2008 U16 boys"]
[Site "Vung Tau City VIE"]
[Date "2008.10.21"]
[Round "2.7"]
[White "Shyam, Sundar M"]
[Black "Vlasak, Lukas"]
[Result "1/2-1/2"]
[WhiteElo "2402"]
[BlackElo "2161"]
[PlyCount "168"]
[EventDate "2008.10.20"]
[Source "www.chesslib.no"]
[SourceDate "2004.05.04"]

1. e4 c5 2. Nf3 d6 3. d4 cxd4 4. Nxd4 Nf6 5. Nc3 e5 6. Bb5+ Nbd7 7. Nf5 a6 8. Bxd7+ Qxd7 9. Ng3 b5 10. a3 h6 11. O-O Qb7 12. f4 Be6 13. f5 Bc4 14. Re1 Rc8 15. Bd2 h5 16. h3 d5 17. exd5 Bc5+ 18. Be3 Bxe3+ 19. Rxe3 Qb6 20. Qd2 h4 21. Nf1 O-O 22. Kh1 Qd4 23. Qf2 Bxd5 24. Rd1 Qf4 25. Qe1 Bc4 26. Rf3 Qg5 27. Qxe5 Rfe8 28. Qf4 Qxf4 29. Rxf4 Nh5 30. Rxh4 Bxf1 31. Rxh5 Be2 32. Nxe2 Rxe2 33. Rg5 Rexc2 34. Rd3 f6 35. Rg4 R8c7 36. Rd6 Kf7 37. b4 R2c6 38. Rgd4 Ke7 39. Rxc6 Rxc6 40. Rd3 Rc4 41. Re3+ Kf7 42. Re6 a5 43. bxa5 Ra4 44. a6 Rxa3 45. Rb6 b4 46. Kh2 Kg8 47. g4 Kh7 48. h4 b3 49. g5 fxg5 50. hxg5 b2 51. Rxb2 Rxa6 52. Kg3 Ra3+ 53. Kg4 Ra8 54. Rb7 Kg8 55. Kh5 Ra6 56. Rb8+ Kf7 57. g6+ Kf6 58. Rf8+ Ke5 59. Kg5 Ra1 60. Re8+ Kd5 61. Re3 Rf1 62. Kg4 Kd6 63. Rf3 Rg1+ 64. Rg3 Rf1 65. Re3 Rg1+ 66. Kf4 Rf1+ 67. Rf3 Rg1 68. Rg3 Rf1+ 69. Kg5 Ke5 70. Re3+ Kd6 71. Re6+ Kd7 72. Ra6 Rg1+ 73. Kf4 Rf1+ 74. Ke4 Re1+ 75. Kd3 Ke7 76. Ra7+ Kf6 77. Rf7+ Kg5 78. Kd4 Re8 79. Kd5 Re1 80. Kd6 Re2 81. Kd7 Re5 82. Rxg7 Rxf5 83. Rg8 Rf6 84. g7 Kg6 1/2-1/2

[Event "34. TCh-GRE"]
[Site "?"]
[Date "2005.07.09"]
[Round "7"]
[White "Bunis Vassilis"]
[Black "Nikolaou Georgios"]
[Result "0-1"]
[WhiteElo "2270"]
[BlackElo "2288"]
[PlyCount "126"]
[EventDate "2005.??.??"]
[Source "www.chesslib.no"]
[SourceDate "2004.05.04"]

1. e4 c5 2. Nf3 d6 3. d4 cxd4 4. Nxd4 Nf6 5. Nc3 e5 6. Bb5+ Nbd7 7. Nde2 h6 8. Ng3 a6 9. Be2 Nb6 10. Nh5 Be6 11. Nxf6+ Qxf6 12. Be3 Qd8 13. O-O Be7 14. a4 O-O 15. a5 Nc4 16. Bxc4 Bxc4 17. Re1 Qc7 18. Qd2 Qc6 19. f3 f5 20. exf5 Rxf5 21. Red1 Rf6 22. b3 Be6 23. Ne4 Rg6 24. c4 Rd8 25. Qb4 Rd7 26. Qb6 d5 27. Qxc6 bxc6 28. Nc5 Bxc5 29. Bxc5 Bf5 30. Ra2 e4 31. f4 Rg4 32. g3 g5 33. fxg5 Rxg5 34. Be3 Rg6 35. cxd5 cxd5 36. b4 Bg4 37. Rdd2 Rc7 38. Rxd5 Bd7 39. Bc5 Bb5 40. Rf2 Re6 41. Rff5 e3 42. Rd8+ Kh7 43. Rd1 Kg6 44. Rf4 e2 45. Re1 Rd7 46. Bf2 Rd1 47. Rd4 Rd6 48. Rxd6+ Rxd6 49. Be3 Kf5 50. Kf2 Ke4 51. Rxe2 Bxe2 52. Kxe2 h5 53. Bb6 Rd3 54. Bc5 Rb3 55. Kd2 Rb2+ 56. Kc3 Rxh2 57. b5 axb5 58. a6 Ra2 59. a7 Ra4 60. Kd2 Kd5 61. Bb6 Kc6 62. Bg1 Kb7 63. Kd3 Ra3+ 0-1

[Event "Akropolis Open"]
[Site "Athens GRE"]
[Date "1989.??.??"]
[Round "?"]
[White "Lirindzakis, Timotheos"]
[Black "Pandavos, Panayotis"]
[Result "1-0"]
[WhiteElo "2255"]
[BlackElo "2300"]
[PlyCount "97"]
[EventDate "1989.??.??"]
[Source "www.chesslib.no"]
[SourceDate "2004.05.04"]

1. e4 c5 2. Nf3 d6 3. d4 cxd4 4. Nxd4 Nf6 5. Nc3 e5 6. Bb5+ Nbd7 7. Nf5 a6 8. Bxd7+ Qxd7 9. Ne3 Qc6 10. Qd3 b5 11. O-O Be7 12. a4 O-O 13. axb5 axb5 14. Ned5 Nxd5 15. Nxd5 Bd8 16. Rxa8 Qxa8 17. Qxb5 f5 18. exf5 Bxf5 19. c4 Bd3 20. Re1 Bh4 21. Be3 Qc8 22. Rc1 Qf5 23. f3 Bg5 24. Qc6 Bxe3+ 25. Nxe3 Qe6 26. Rd1 Rc8 27. Qb7 e4 28. fxe4 Bxe4 29. Rxd6 Qxd6 30. Qxc8+ Kf7 31. Qg4 Qd2 32. Qf4+ Kg8 33. h3 Bc6 34. Qe5 h6 35. Kh2 Kh8 36. Nd5 Qc2 37. Qd4 Qb3 38. Nf4 Qb8 39. Kg1 Qe8 40. Qd2 Qe4 41. c5 Kg8 42. b4 g5 43. Nh5 Kf7 44. Ng3 Qe5 45. Ne2 Qa1+ 46. Nc1 Kg7 47. Qe3 Qb2 48. Ne2 Kf8 49. Qe6 1-0

[Event "WYCC 2008 U16 boys"]
[Site "Vung Tau City VIE"]
[Date "2008.10.23"]
[Round "5.7"]
[White "Gritsenko, Andrey"]
[Black "Vlasak, Lukas"]
[Result "1-0"]
[WhiteElo "2380"]
[BlackElo "2161"]
[PlyCount "67"]
[EventDate "2008.10.20"]
[Source "www.chesslib.no"]
[SourceDate "2004.05.04"]

1. e4 c5 2. Nf3 d6 3. d4 cxd4 4. Nxd4 Nf6 5. Nc3 e5 6. Bb5+ Nbd7 7. Nf5 a6 8. Bxd7+ Qxd7 9. Ne3 Qc6 10. O-O Be6 11. Qd3 Be7 12. Ncd5 Bxd5 13. exd5 Qd7 14. c4 O-O 15. Bd2 g6 16. f4 exf4 17. Rxf4 Nh5 18. Rf3 f5 19. Nc2 Nf6 20. Nd4 Ng4 21. Qb3 Ne5 22. Rh3 f4 23. Ne6 f3 24. gxf3 Rac8 25. Rc1 b5 26. Qe3 Bh4 27. f4 Ng4 28. Nxf8 Kxf8 29. Qe6 Qa7+ 30. Be3 Bf2+ 31. Kh1 Bxe3 32. Qxc8+ Kg7 33. Qxg4 Bxc1 34. Qg1 1-0

[Event "Pardubice (Czech Republic)"]
[Site "?"]
[Date "2005.07.??"]
[Round "4"]
[White "Kanovsky David"]
[Black "Paulovic Martin"]
[Result "1-0"]
[WhiteElo "2328"]
[BlackElo "2203"]
[PlyCount "97"]
[EventDate "2005.??.??"]
[Source "www.chesslib.no"]
[SourceDate "2004.05.04"]

1. e4 c5 2. Nf3 d6 3. d4 cxd4 4. Nxd4 Nf6 5. Nc3 e5 6. Bb5+ Bd7 7. Bxd7+ Nbxd7 8. Nf5 Qc7 9. O-O a6 10. Bg5 h6 11. Bxf6 Nxf6 12. Qd3 g6 13. Ne3 Rc8 14. Rad1 Be7 15. Rd2 O-O 16. Ncd5 Nxd5 17. Nxd5 Qd8 18. c3 Bg5 19. Rdd1 Kg7 20. g3 Qa5 21. a3 Qc5 22. Kg2 Rfe8 23. h4 Bd8 24. Rd2 a5 25. Ne3 Bc7 26. Qe2 Qc6 27. Rd5 Bb6 28. Rfd1 a4 29. h5 Bxe3 30. Qxe3 Re6 31. hxg6 fxg6 32. Qd3 Rf8 33. Qb5 Qc7 34. Qxa4 Qf7 35. R1d2 h5 36. Qd1 h4 37. Qe2 Qe7 38. c4 Ref6 39. Qe3 Rf3 40. Rxd6 Rxe3 41. Rd7 Rb3 42. Rxe7+ Kf6 43. Red7 hxg3 44. fxg3 Kg5 45. R7d3 Rxd3 46. Rxd3 Rc8 47. b3 Kg4 48. Rd5 Re8 49. c5 1-0

[Event "Lienz Open"]
[Site "Lienz"]
[Date "1988.??.??"]
[Round "?"]
[White "Bilic, Mario"]
[Black "Poecksteiner, Johann"]
[Result "1/2-1/2"]
[WhiteElo "2275"]
[BlackElo "2255"]
[PlyCount "69"]
[EventDate "1988.??.??"]
[Source "www.chesslib.no"]
[SourceDate "2004.05.04"]

1. e4 c5 2. Nf3 d6 3. d4 cxd4 4. Nxd4 Nf6 5. Nc3 e5 6. Bb5+ Nbd7 7. Nf5 a6 8. Be2 Nc5 9. Bg5 Ncxe4 10. Nxg7+ Bxg7 11. Nxe4 Qa5+ 12. Nc3 Be6 13. O-O O-O 14. Qd2 Rfc8 15. Bh6 Ne8 16. Bf3 Rab8 17. Rfd1 Rc4 18. Bxg7 Kxg7 19. Qg5+ Kh8 20. Be4 Qd8 21. Qxd8 Rxd8 22. Bxb7 Rb4 23. Bxa6 Rxb2 24. a4 Rxc2 25. Rdc1 Rxc1+ 26. Rxc1 d5 27. f3 Kg7 28. Bb7 d4 29. Ne4 Nd6 30. Nxd6 Rxd6 31. a5 d3 32. a6 d2 33. Rd1 Bb3 34. Rxd2 Rxd2 35. a7 1/2-1/2

[Event "otb"]
[Site "otb"]
[Date "2007.04.27"]
[Round "2"]
[White "Pellicer Covarrubias Daniel"]
[Black "Dominguez Aguilar Guillermo"]
[Result "0-1"]
[WhiteElo "2128"]
[BlackElo "2387"]
[PlyCount "60"]
[Source "www.chesslib.no"]
[SourceDate "2004.05.04"]

1. e4 c5 2. Nf3 d6 3. d4 cxd4 4. Nxd4 Nf6 5. Nc3 e5 6. Bb5+ Bd7 7. Bxd7+ Qxd7 8. Nf5 Nxe4 9. Nxe4 Qxf5 10. Nxd6+ Bxd6 11. Qxd6 Nc6 12. O-O Qd7 13. Qa3 Nd4 14. Qc5 f6 15. c3 b6 16. Qc4 Qc6 17. Qxc6+ Nxc6 18. b3 O-O-O 19. Ba3 Rd3 20. c4 Rhd8 21. Bb2 g5 22. f3 h5 23. Rfe1 h4 24. h3 Nb4 25. Re2 a5 26. Kf1 Rd1+ 27. Rxd1 Rxd1+ 28. Kf2 Nd3+ 29. Ke3 Nf4 30. Rc2 Re1+ 0-1

[Event "Goetzis IM4"]
[Site "Goetzis"]
[Date "1997.??.??"]
[Round "2"]
[White "Stanojevic, Stanimir"]
[Black "Dobosz, Henryk"]
[Result "0-1"]
[WhiteElo "2110"]
[BlackElo "2395"]
[PlyCount "148"]
[EventDate "1997.09.??"]
[Source "www.chesslib.no"]
[SourceDate "2004.05.04"]

1. e4 c5 2. Nf3 d6 3. d4 cxd4 4. Nxd4 Nf6 5. Nc3 e5 6. Bb5+ Nbd7 7. Nf5 a6 8. Bxd7+ Qxd7 9. Bg5 Nxe4 10. Nxg7+ Bxg7 11. Nxe4 O-O 12. Qxd6 f6 13. Qxd7 Bxd7 14. Bd2 Bc6 15. Nd6 f5 16. Bc3 Bh6 17. O-O e4 18. Nc4 Bb5 19. Nb6 Rad8 20. Rfd1 e3 21. a4 Bc6 22. Re1 f4 23. f3 Bg5 24. Re2 h5 25. Rb1 Bf6 26. Bxf6 Rxf6 27. a5 h4 28. h3 Rfd6 29. Kf1 Kf7 30. Ke1 Ke7 31. c4 Rg6 32. Nd5+ Bxd5 33. cxd5 Rxd5 34. Rc2 Rxa5 35. Rc4 Rxg2 36. Re4+ Kf6 37. Rxf4+ Rf5 38. Rg4 Rh2 39. Rd1 Rxf3 40. Rxh4 Rg3 41. Rg4 Rxg4 42. hxg4 Rxb2 43. Rd3 Kg5 44. Rxe3 Kxg4 45. Kd1 Kf4 46. Re7 Kf5 47. Kc1 Kf6 48. Re8 Kf7 49. Re4 Rb6 50. Kc2 Re6 51. Rh4 Ke8 52. Rd4 Ke7 53. Kb2 Rd6 54. Rb4 b5 55. Rh4 Kd7 56. Kb3 Kc6 57. Rh5 a5 58. Rg5 Rd3+ 59. Kc2 Rd5 60. Rg8 Kc5 61. Kc3 b4+ 62. Kb3 Rd3+ 63. Kc2 Rh3 64. Rb8 Kc4 65. Rc8+ Kb5 66. Rg8 Rh2+ 67. Kb1 Ka4 68. Rg3 b3 69. Rg5 Kb4 70. Rf5 a4 71. Rf1 Rh4 72. Kb2 a3+ 73. Kb1 a2+ 74. Ka1 Ka3 0-1

[Event "Torre mem op"]
[Site "Yucatan"]
[Date "1999.??.??"]
[Round "8"]
[White "Fernandez, Alejandro"]
[Black "Martin del Campo, Roberto"]
[Result "1-0"]
[WhiteElo "2065"]
[BlackElo "2427"]
[PlyCount "67"]
[EventDate "1999.12.??"]
[Source "www.chesslib.no"]
[SourceDate "2004.05.04"]

1. e4 c5 2. Nf3 d6 3. d4 cxd4 4. Nxd4 Nf6 5. Nc3 e5 6. Bb5+ Nbd7 7. Nde2 Be7 8. O-O O-O 9. Ng3 Nb6 10. a4 a6 11. Be2 Be6 12. a5 Nc4 13. Nd5 Bxd5 14. exd5 b5 15. Qe1 e4 16. Nxe4 Nxe4 17. Bxc4 bxc4 18. Qxe4 c3 19. b3 Bf6 20. Be3 Qc7 21. Ra4 Rfe8 22. Qd3 Qb7 23. Re4 Rxe4 24. Qxe4 Qb5 25. Ra1 Qe2 26. g3 h6 27. Ra4 Rb8 28. Bb6 Qd1+ 29. Kg2 Rb7 30. Rc4 g6 31. Rc8+ Kh7 32. Qf3 Qxf3+ 33. Kxf3 Re7 34. Rc7 1-0

[Event "Yerevan ol (Men)"]
[Site "Yerevan"]
[Date "1996.??.??"]
[Round "12"]
[White "Sammalvuo, Tapani"]
[Black "Mooi Osric Kok Onn"]
[Result "1-0"]
[WhiteElo "2370"]
[BlackElo "2120"]
[PlyCount "45"]
[EventDate "1996.09.??"]
[Source "www.chesslib.no"]
[SourceDate "2004.05.04"]

1. e4 c5 2. Nf3 d6 3. d4 cxd4 4. Nxd4 Nf6 5. Nc3 e5 6. Bb5+ Bd7 7. Bxd7+ Qxd7 8. Nde2 h6 9. O-O Nc6 10. Ng3 g6 11. Be3 Ng4 12. Nd5 Bg7 13. Qd2 Ne7 14. Nxe7 Qxe7 15. Rad1 Nxe3 16. fxe3 O-O 17. Qxd6 Qg5 18. Qa3 h5 19. Ne2 Bh6 20. Rf3 Rad8 21. Rd3 Qh4 22. Ng3 Qe7 23. Qxe7 1-0

[Event "Corr"]
[Site "?"]
[Date "2000.07.??"]
[Round "?"]
[White "Filipek Jozef"]
[Black "Matusek Jan"]
[Result "1-0"]
[WhiteElo "2464"]
[BlackElo "2019"]
[PlyCount "25"]
[EventDate "2000.??.??"]
[Source "www.chesslib.no"]
[SourceDate "2004.05.04"]

1. e4 c5 2. Nf3 d6 3. d4 cxd4 4. Nxd4 Nf6 5. Nc3 e5 6. Bb5+ Bd7 7. Bxd7+ Qxd7 8. Nde2 h6 9. O-O Nc6 10. Ng3 Be7 11. Be3 O-O 12. Nf5 Nxe4 13. Qg4 1-0